| 000 | 01273nam a2200301 a 4500 | ||
|---|---|---|---|
| 001 | ebr5005001 | ||
| 003 | CaPaEBR | ||
| 006 | m u | ||
| 007 | cr cn||||||||| | ||
| 008 | 951121s1996 ctuaf sb 001 0 eng | ||
| 010 | _z 95050531 | ||
| 020 | _z0275955079 (hardcover : alk. paper) | ||
| 040 |
_aCaPaEBR _cCaPaEBR |
||
| 035 | _a(OCoLC)49730936 | ||
| 050 | 1 | 4 |
_aDD866.8 _b.B53 1996eb |
| 082 | 0 | 4 |
_a306/.09431/55 _220 |
| 245 | 0 | 0 |
_aBerlin in focus _h[electronic resource] : _bcultural transformations in Germany / _cedited by Barbara Becker-Cantarino. |
| 260 |
_aWestport, Conn. : _bPraeger, _c1996. |
||
| 300 |
_aviii, 204 p., [4] p. of plates : _bill. |
||
| 504 | _aIncludes bibliographical references (p. [187]-193) and index. | ||
| 533 |
_aElectronic reproduction. _bPalo Alto, Calif. : _cebrary, _d2013. _nAvailable via World Wide Web. _nAccess may be limited to ebrary affiliated libraries. |
||
| 651 | 0 |
_aBerlin (Germany) _xIntellectual life _y20th century. |
|
| 651 | 0 |
_aBerlin (Germany) _xCultural policy. |
|
| 655 | 7 |
_aElectronic books. _2local |
|
| 700 | 1 | _aBecker-Cantarino, Barbara. | |
| 710 | 2 | _aebrary, Inc. | |
| 856 | 4 | 0 |
_uhttp://site.ebrary.com/lib/rucke/Doc?id=5005001 _zAn electronic book accessible through the World Wide Web; click to view |
| 999 |
_c1491 _d1491 |
||